| 000 | 01447cam a22002898i 4500 | ||
|---|---|---|---|
| 001 | 20948541 | ||
| 005 | 20230717145352.0 | ||
| 008 | 190425s2019 nyu b 001 0 eng | ||
| 010 | _a 2019020553 | ||
| 020 | _a9781108499453 (alk. paper) | ||
| 040 |
_aDLC _beng _erda _cDLC |
||
| 042 | _apcc | ||
| 050 | 0 | 0 | _aP 107 .Y85 2019 |
| 082 | 0 | 0 |
_a401 _223 |
| 100 | 1 |
_aYule, George, _d1947- _eauthor. |
|
| 245 | 1 | 4 |
_aThe study of language / _cGeorge Yule. |
| 250 | _aSeventh edition. | ||
| 263 | _a1908 | ||
| 300 | _apages cm | ||
| 504 | _aIncludes bibliographical references and index. | ||
| 505 | 0 | _aPreface -- 1. The origins of language -- 2. Animals and human language -- 3. The sounds of language -- 4. The sound patterns of language -- 5. Word formation -- 6. Morphology -- 7. Grammar -- 8. Syntax -- 9. Semantics -- 10. Pragmatics -- 11. Discourse analysis -- 12. Language and the brain -- 13. First language acquisition -- 14. Second language acquisition/learning -- 15. Gestures and sign languages -- 16. Written language -- 17. Language history and change -- 18. Regional variation in language -- 19. Social variation in language -- 20. Language and culture -- Glossary -- References -- Index. | |
| 650 | 0 | _aLanguage and languages. | |
| 650 | 0 | _aLinguistics. | |
| 906 |
_a7 _bcbc _corignew _d1 _eecip _f20 _gy-gencatlg |
||
| 942 |
_2lcc _cBOOKS _hP 107 .Y85 2019 |
||
| 999 |
_c31693 _d31693 |
||